Morangos com Açúcar - Statistics

Estatísticas Gerais
  • Esse quiz foi jogado 371 vezes
  • A pontuação média é 11 de 15
Estatísticas das Respostas
Hint Resposta % Correto
Em que ano estreou? 2003
97%
Quantas temporadas teve? 9
93%
Qual o nome do colégio em que eram dadas as aulas Colégio da barra
90%
Qual o primeiro par de protagonistas? Joana e Pipo
87%
Qual a primeira banda da série? D'zrt
86%
Qual o nome da girls banda da série? Just Girls
83%
Em que canal deu? Tvi
83%
Qual era o desporto que praticavam a Ana Luísa e o Simão? Motocross
81%
Na sétima temporada que personagem regressou à série como professor? Zé Milho
69%
Qual o nome do grupo formado pela Mónica,Mimi e Daniela? Popstar
62%
Na sexta temporada quem fazia a emissão da rádio? Kiko e Tozé
54%
Qual o tema da nona temporada? Moda
53%
Como se chamava a campanha do Kiko,Manel e da Becas? Grafitar não é estragar
48%
Qual o clube de futebol onde jogavam o Lourenço e o Pedro? União
42%
Qual o nome da escola pública? D.Sebastião
40%
Nenhum quiz correspondente encontrado
Distribuição das Pontuações
Porcentagem de Pessoas com Cada Pontuação
Percentil de Números Respondidos
Sua Pontuação Histórica
Você não jogou esse quiz